000 00937nam0a22002531 4500
001 rc\35877
005 20260406141216.0
010 _a5-7060-0003-6
_bЛит. ин-т им. М. Горького
_95000
035 _a(NLR Aleph) 005319568
090 _a6473510
_c6473510
100 _a20021216d1995 |||y0rusy50 ca
101 0 _arus
102 _aRU
105 _ay |||||||||
200 1 _aОглашенные
_eРоман-странствие
_fАндрей Битов
210 _aМ.
_cКонсорт "БаГаЖ" и др.
_d1995
215 _a270 с.
_d22
300 _aИзд. совместно с ред. "Другие берега", Урал. центром культ. инициатив
700 1 _4070
_7ca
_8rus
_aБитов
_bА. Г.
_f1937-2018
_gАндрей Георгиевич
_9113380
_3RU\NLR\AUTH\773384
801 0 _aRU
_bNLR
_gpsbo
801 1 _aRU
_bELAR
_2rusmarc
852 _aNLR
_j95-5/1242
942 _cBOOK
980 _aNB